[Event "CRO-chT3A Center"]
[Site "Zagreb"]
[Date "2010.10.17"]
[Round "7.42"]
[White "Sukunda, Darko"]
[Black "Ivekovic, Bozidar"]
[Result "1/2-1/2"]
[WhiteElo "2134"]
[BlackElo "2109"]
[PlyCount "27"]
[EventDate "2010.03.21"]
[EventType "team-tourn"]
[EventRounds "11"]
[EventCountry "CRO"]
[SourceTitle "EXT 2012"]
[Source "ChessBase"]
[SourceDate "2011.11.24"]
[SourceVersion "1"]
[SourceVersionDate "2011.11.24"]
[SourceQuality "1"]

1. d4 Nf6 2. Nf3 e6 3. c4 b6 4. g3 Ba6 5. b3 Bb4+ 6. Bd2 Be7 7. Bg2 0-0 8. Ne5 c6 9. e4 d5 10. exd5 exd5 11. Be3 Bb4+ 12. Bd2 Be7 13. Be3 Bb4+ 14. Bd2 1/2-1/2

[Event "Velika Gorica op 9th"]
[Site "Velika Gorica"]
[Date "2010.08.30"]
[Round "8"]
[White "Ivekovic, Bozidar"]
[Black "Blazeka, Damjan"]
[Result "1/2-1/2"]
[WhiteElo "2115"]
[BlackElo "2031"]
[PlyCount "60"]
[EventDate "2010.08.23"]
[EventType "swiss"]
[EventRounds "9"]
[EventCountry "CRO"]
[SourceTitle "CBM 138 Extra"]
[Source "ChessBase"]
[SourceDate "2010.10.29"]
[SourceVersion "1"]
[SourceVersionDate "2010.10.29"]
[SourceQuality "1"]

1. e4 c5 2. Nf3 d6 3. d4 cxd4 4. Nxd4 Nf6 5. Nc3 a6 6. Bg5 e6 7. f4 Nc6 8. Nb3 Be7 9. Qf3 Qc7 10. 0-0-0 Bd7 11. g4 h6 12. Bxf6 Bxf6 13. h4 0-0-0 14. Bg2 Bxc3 15. Qxc3 e5 16. f5 Ne7 17. Qb4 Bc6 18. Rh3 d5 19. exd5 Nxd5 20. Bxd5 Rxd5 21. Rxd5 Bxd5 22. Rc3 Bc6 23. Na5 e4 24. Nxc6 Qf4+ 25. Kd1 Qf1+ 26. Kd2 Qf2+ 27. Kd1 Qf1+ 28. Kd2 Qf2+ 29. Kd1 Qf1+ 30. Kd2 Qf2+ 1/2-1/2

[Event "Velika Gorica op 9th"]
[Site "Velika Gorica"]
[Date "2010.08.24"]
[Round "2"]
[White "Ivekovic, Bozidar"]
[Black "Mesar, Darko"]
[Result "1-0"]
[WhiteElo "2115"]
[BlackElo "1980"]
[PlyCount "61"]
[EventDate "2010.08.23"]
[EventType "swiss"]
[EventRounds "9"]
[EventCountry "CRO"]
[SourceTitle "CBM 138 Extra"]
[Source "ChessBase"]
[SourceDate "2010.10.29"]
[SourceVersion "1"]
[SourceVersionDate "2010.10.29"]
[SourceQuality "1"]

1. e4 c5 2. Nf3 d6 3. d4 cxd4 4. Nxd4 Nf6 5. Nc3 g6 6. Be3 Bg7 7. f3 0-0 8. Qd2 Nc6 9. Bc4 Bd7 10. 0-0-0 a6 11. Kb1 Qc7 12. Bb3 Na5 13. Bh6 Nc4 14. Bxc4 Qxc4 15. g4 b5 16. Bxg7 Kxg7 17. g5 Ng8 18. h4 Be6 19. h5 b4 20. Nd5 Bxd5 21. exd5 Qxd5 22. hxg6 hxg6 23. f4 Rfc8 24. Qh2 e6 25. Qh8+ Kf8 26. Rh7 e5 27. Qg7+ Ke8 28. Qxg8+ Ke7 29. Qxc8 Rxc8 30. Nf5+ gxf5 31. Rxd5 1-0

[Event "SVK-ch op-B"]
[Site "Banska Stiavnica"]
[Date "2010.07.10"]
[Round "1"]
[White "Hrcka, Pavol"]
[Black "Ivekovic, Bozidar"]
[Result "0-1"]
[WhiteElo "1773"]
[BlackElo "2115"]
[PlyCount "70"]
[EventDate "2010.07.10"]
[EventType "swiss"]
[EventRounds "9"]
[EventCountry "SVK"]
[SourceTitle "CBM 137 Extra"]
[Source "ChessBase"]
[SourceDate "2010.09.01"]
[SourceVersion "1"]
[SourceVersionDate "2010.09.01"]
[SourceQuality "1"]

1. e4 e5 2. Nf3 Nc6 3. d4 exd4 4. Bc4 Bc5 5. c3 d3 6. 0-0 d6 7. b4 Bb6 8. Qb3 Qe7 9. Bg5 Nf6 10. a4 a6 11. a5 Ba7 12. Bxd3 0-0 13. Nbd2 Be6 14. Qc2 h6 15. Bh4 g5 16. Bg3 Nh5 17. Kh1 Qf6 18. Rae1 Nf4 19. e5 dxe5 20. Ne4 Qg7 21. Nc5 Bxc5 22. bxc5 Nxd3 23. Qxd3 f6 24. Ra1 Ne7 25. h4 Bd5 26. Qe2 Ng6 27. Ra4 Nf4 28. Bxf4 gxf4 29. Rg1 Qg4 30. Qd3 Rad8 31. Qf1 Kh8 32. Nh2 Qxh4 33. f3 Rg8 34. c4 Bc6 35. Ra2 Rg5 0-1

[Event "Nachod op"]
[Site "Nachod"]
[Date "2009.07.05"]
[Round "2"]
[White "Juptner, Jan"]
[Black "Ivekovic, Bozidar"]
[Result "1-0"]
[WhiteElo "2385"]
[BlackElo "2122"]
[PlyCount "99"]
[EventDate "2009.07.04"]
[EventType "swiss"]
[EventRounds "9"]
[EventCountry "CZE"]
[SourceTitle "CBM 131 Extra"]
[Source "ChessBase"]
[SourceDate "2009.09.03"]
[SourceVersion "2"]
[SourceVersionDate "2009.09.16"]
[SourceQuality "1"]

1. d4 Nf6 2. c4 e6 3. Nc3 Bb4 4. Nf3 c5 5. g3 0-0 6. Bg2 Ne4 7. Qd3 f5 8. 0-0 Bxc3 9. bxc3 Qa5 10. Nd2 Qxc3 11. Nxe4 Qxd3 12. exd3 fxe4 13. Ba3 Na6 14. dxc5 exd3 15. c6 dxc6 16. Bxf8 Kxf8 17. Rfd1 Nc5 18. Bf1 e5 19. f3 Bf5 20. Re1 Re8 21. Rad1 Kf7 22. g4 Bg6 23. Kf2 Kf6 24. f4 e4 25. Ke3 Rd8 26. Rd2 Bf7 27. Rc1 g5 28. Rf2 Bg6 29. h4 gxf4+ 30. Rxf4+ Ke5 31. h5 Be8 32. Rf5+ Kd6 33. Rf6+ Ke5 34. Rf8 Ne6 35. Rf5+ Kd6 36. c5+ Kc7 37. Kxe4 Rd4+ 38. Ke5 Rxg4 39. Bxd3 Rg3 40. Be4 h6 41. Kxe6 Bd7+ 42. Ke5 Bxf5 43. Bxf5 Rg5 44. Rh1 b6 45. cxb6+ axb6 46. Kf6 b5 47. Bg6 c5 48. Kg7 Rg2 49. Kxh6 Rxa2 50. Kg7 1-0

[Event "Zagreb op-B"]
[Site "Zagreb"]
[Date "2009.03.25"]
[Round "5"]
[White "Mihalinec, Damir"]
[Black "Ivekovic, Bozidar"]
[Result "1/2-1/2"]
[WhiteElo "2246"]
[BlackElo "2093"]
[PlyCount "105"]
[EventDate "2009.03.21"]
[EventType "swiss"]
[EventRounds "9"]
[EventCountry "CRO"]
[SourceTitle "CBM 129 Extra"]
[Source "ChessBase"]
[SourceDate "2009.05.05"]
[SourceVersion "2"]
[SourceVersionDate "2009.05.20"]
[SourceQuality "1"]

1. e4 e5 2. Nf3 Nc6 3. Bb5 a6 4. Ba4 Nf6 5. 0-0 Nxe4 6. d4 b5 7. Bb3 d5 8. dxe5 Be6 9. c3 Bc5 10. Nbd2 0-0 11. Qe1 Bf5 12. a4 Rb8 13. axb5 axb5 14. Ra6 Bb6 15. Ba2 Nc5 16. Ra3 Bd3 17. Nd4 Ne7 18. Ne2 Ng6 19. b4 Ne6 20. Nf3 c5 21. Be3 Ra8 22. Rxa8 Qxa8 23. Bb1 Bc4 24. Qd1 Rd8 25. bxc5 Bxc5 26. Bxc5 Nxc5 27. Re1 Ne6 28. h4 Bxe2 29. Qxe2 Ngf4 30. Qxb5 Rb8 31. Qf1 Qa3 32. g3 Qxc3 33. Re3 Qb4 34. Ba2 Qb2 35. gxf4 Qxa2 36. f5 Rb1 37. Re1 Rxe1 38. Qxe1 Nf4 39. e6 fxe6 40. fxe6 Qe2 41. Qxe2 Nxe2+ 42. Kf1 Nf4 43. Ng5 Kf8 44. Nxh7+ Ke7 45. Ng5 Nxe6 46. Nf3 Nf4 47. Ke1 Kf6 48. Kd2 Kf5 49. Ke3 Ne6 50. Nh2 Nf4 51. Kd4 Ng2 52. Kxd5 Nxh4 53. Kd4 1/2-1/2

[Event "SVK-ch op-B"]
[Site "Banska Stiavnica"]
[Date "2007.07.14"]
[Round "8.5"]
[White "Ivekovic, Bozidar"]
[Black "Macka, Oto"]
[Result "0-1"]
[WhiteElo "2095"]
[BlackElo "2043"]
[PlyCount "117"]
[EventDate "2007.07.07"]
[EventType "swiss"]
[EventRounds "9"]
[EventCountry "SVK"]
[SourceTitle "EXT 2010"]
[Source "ChessBase"]
[SourceDate "2010.11.25"]
[SourceVersion "1"]
[SourceVersionDate "2010.11.25"]
[SourceQuality "1"]

1. e4 d5 2. exd5 Qxd5 3. Nc3 Qa5 4. Nf3 Nf6 5. h3 Bf5 6. Bc4 c6 7. 0-0 Nbd7 8. a3 e6 9. d3 Bd6 10. Re1 0-0-0 11. Bd2 Qc7 12. Ne4 Nxe4 13. dxe4 Bg6 14. Qe2 Bh5 15. g4 Bg6 16. Bg5 f6 17. Bh4 Bf7 18. g5 Rde8 19. Kh1 Bh5 20. Qe3 Bf4 21. Qb3 Bxf3+ 22. Qxf3 fxg5 23. Bg3 Bxg3 24. Qxg3 Qxg3 25. fxg3 e5 26. Kg2 Rhf8 27. b4 Rf6 28. Re2 Nb6 29. Bb3 Rd8 30. Rf1 Rxf1 31. Kxf1 Rd6 32. Kg2 Kc7 33. Rf2 Rf6 34. Rd2 Nc8 35. Re2 Nd6 36. a4 h5 37. c4 b6 38. c5 bxc5 39. bxc5 Nb7 40. Rc2 h4 41. Rc3 hxg3 42. Bd1 Rf4 43. Bf3 Nd8 44. Kxg3 Ne6 45. a5 Kb7 46. Bg4 Nd4 47. Re3 Ka6 48. Bc8+ Kb5 49. Re1 Kxc5 50. Rb1 Nb5 51. Rd1 Nd6 52. Bf5 Nxf5+ 53. exf5 e4 54. Rd7 e3 55. Rxa7 Re4 56. Rb7 e2 57. Rb1 e1Q+ 58. Rxe1 Rxe1 59. Kg4 0-1

[Event "Catania op 2nd"]
[Site "Catania"]
[Date "1990.08.08"]
[Round "5"]
[White "Ivekovic, Bozidar"]
[Black "Guerra, Ugo"]
[Result "0-1"]
[WhiteElo "2320"]
[BlackElo "2340"]
[PlyCount "70"]
[EventDate "1990.08.04"]
[EventType "swiss"]
[EventRounds "9"]
[EventCountry "ITA"]
[SourceTitle "EXT 2023"]
[Source "ChessBase"]
[SourceDate "2022.10.05"]
[SourceVersion "1"]
[SourceVersionDate "2022.10.05"]
[SourceQuality "1"]

1. e4 c5 2. Nf3 Nc6 3. d4 cxd4 4. Nxd4 Nf6 5. Nc3 e5 6. Ndb5 d6 7. Na3 h6 8. Nc4 Be6 9. Ne3 Rc8 10. Ned5 Be7 11. Bd3 0-0 12. 0-0 Nd7 13. Qh5 Nf6 14. Nxf6+ Bxf6 15. a3 Ne7 16. f4 exf4 17. Bxf4 Rc5 18. Qf3 Bd4+ 19. Kh1 Ng6 20. Rab1 Nxf4 21. Qxf4 Rh5 22. g3 Bh3 23. Be2 Be5 24. Qe3 Rg5 25. Rf2 Qc8 26. Qxa7 f5 27. Rg1 Qc6 28. Nd5 Qxc2 29. Bf3 Qd3 30. Rd1 Qb3 31. Nc3 Bxc3 32. exf5 Rgxf5 33. Rd3 Rxf3 34. Rfxf3 Rxf3 35. Rxf3 Qd1+ 0-1

[Event "Catania op 2nd"]
[Site "Catania"]
[Date "1990.08.06"]
[Round "3"]
[White "Belotti, Bruno"]
[Black "Ivekovic, Bozidar"]
[Result "1-0"]
[WhiteElo "2435"]
[BlackElo "2320"]
[PlyCount "81"]
[EventDate "1990.08.04"]
[EventType "swiss"]
[EventRounds "9"]
[EventCountry "ITA"]
[SourceTitle "EXT 2023"]
[Source "ChessBase"]
[SourceDate "2022.10.05"]
[SourceVersion "1"]
[SourceVersionDate "2022.10.05"]
[SourceQuality "1"]

1. e4 e5 2. Nf3 Nc6 3. Bb5 a6 4. Ba4 d6 5. Bxc6+ bxc6 6. d4 exd4 7. Qxd4 c5 8. Qd3 g6 9. Nc3 Bg7 10. Bg5 f6 11. Bd2 Be6 12. Nd5 Ne7 13. Ba5 Nxd5 14. exd5 Bf5 15. Qe2+ Qe7 16. Qxe7+ Kxe7 17. 0-0-0 Ra7 18. Rhe1+ Kf7 19. Nd2 Re8 20. Nc4 Rxe1 21. Rxe1 Bd7 22. Kd2 Bb5 23. b3 Bxc4 24. bxc4 f5 25. Rb1 Ke7 26. Rb8 Bf6 27. f3 Kd7 28. Ke3 Bd8 29. Kf4 h6 30. h4 Bxh4 31. Rg8 Bg5+ 32. Kg3 f4+ 33. Kg4 Rb7 34. Rxg6 Rb2 35. Rg7+ Ke8 36. Bxc7 Rxc2 37. Bxd6 Rxc4 38. Kf5 Rc2 39. Ke6 Re2+ 40. Be5 Kf8 41. Rh7 1-0

[Event "Catania op 2nd"]
[Site "Catania"]
[Date "1990.08.05"]
[Round "2"]
[White "Lagumina, Giulio"]
[Black "Ivekovic, Bozidar"]
[Result "1/2-1/2"]
[WhiteElo "2280"]
[BlackElo "2320"]
[PlyCount "52"]
[EventDate "1990.08.04"]
[EventType "swiss"]
[EventRounds "9"]
[EventCountry "ITA"]
[SourceTitle "EXT 2023"]
[Source "ChessBase"]
[SourceDate "2022.10.05"]
[SourceVersion "1"]
[SourceVersionDate "2022.10.05"]
[SourceQuality "1"]

1. e4 e5 2. f4 d5 3. exd5 c6 4. Qe2 cxd5 5. fxe5 Nc6 6. Nf3 Bc5 7. c3 d4 8. b4 Bb6 9. b5 Nce7 10. cxd4 Bg4 11. Bb2 Nh6 12. Qe4 0-0 13. Bd3 Bf5 14. Qe2 Ng6 15. Bxf5 Nxf5 16. Qe4 Nd6 17. exd6 Re8 18. Ne5 Qxd6 19. Kd1 Qb4 20. Bc3 Qxb5 21. Qf3 Qa4+ 22. Kc1 Re7 23. Qd1 Qa6 24. Qf1 Qa4 25. Qd1 Qa6 26. Qf1 Qa4 1/2-1/2